Biggest city in Zealand Denmark - Statistics

General Stats
  • This quiz has been taken 8 times
  • The average score is 5 of 10
Answer Stats
Hint Answer % Correct
2 Roskilde
100%
3 Næstved
75%
7 Holbæk
50%
5 Køge
50%
10 Korsør
50%
8 Ringsted
50%
6 Slagelse
50%
1 Copenhaugen
25%
4 Greve
25%
9 Kalundborg
25%
No matching quizzes found
Score Distribution
Percent of People with Each Score
Percentile by Number Answered
Your Score History
You have not taken this quiz